đź“– 150 premiers mots "La soeur disparue" (Les 7 soeurs T.7) Riley - Statistiques

Statistiques générales
  • Ce quiz a Ă©tĂ© pris 6 fois
  • Le rĂ©sultat moyen est 97 sur 150
Statistiques - réponses
Mots % Correct
ai
100%
ai...
100%
ce
100%
d'
100%
de
100%
en
100%
et
100%
j'
100%
J'
100%
Je
100%
je
100%
l'
100%
me
100%
mon
100%
oĂą
100%
ou
100%
père.
100%
père
100%
qu'
100%
quand
100%
quand,
100%
que
100%
s'
100%
souviens
100%
des
80%
dessus
80%
du
80%
endroit
80%
étais
80%
était
80%
faisais
80%
il
80%
(il
80%
lĂ 
80%
la
80%
le
80%
mais
80%
moins
80%
moment,
80%
par-
80%
plus
80%
ses
80%
sous
80%
suis
80%
sur
80%
toutes
80%
trouvais
80%
un
80%
une
80%
cette
60%
les
60%
maison.
60%
notre
60%
pour
60%
qui
60%
vu
60%
abord
40%
bois
40%
cru
40%
fait
40%
formes,
40%
mourir
40%
pieds
40%
tenais
40%
année.
20%
coin
20%
ensuite,
20%
exactement
20%
long
20%
mettait
20%
observais
20%
œil,
20%
parents
20%
point
20%
véranda
20%
agenouillé
0%
avançaient
0%
caractère
0%
chargés
0%
compte
0%
descendre
0%
détestait
0%
disparaître
0%
écossais),
0%
force
0%
gaspillage
0%
grappe
0%
lourdement
0%
mentalité
0%
nature
0%
penchée
0%
presbytérienne
0%
raisins
0%
ramasser
0%
rangées
0%
récolte
0%
rejoindre
0%
soudainement.
0%
tour
0%
traînait
0%
trait
0%
vendangeurs
0%
vigne
0%
Aucun quiz correspondant
Distribution des résultats
% des personnes avec chaque résultat
Percentile par nombre de réponses
Votre historique - résultats
Vous n’avez pas pris ce quiz